| 000 | 00324nam a2200121Ia 4500 | ||
|---|---|---|---|
| 008 | 150202s9999 xx 000 0 und d | ||
| 050 |
_aFIC _bFIC |
||
| 100 | _aFielding, Joy. | ||
| 245 | 4 |
_aThe deed end / _cJoy Fielding. |
|
| 260 |
_aNew York : _bJoy Fielding, _c1986. |
||
| 300 |
_a303 pages : _c22 cm. |
||
| 650 | _aFiction. | ||
| 999 |
_c282003 _d282003 |
||